00883cam a2200241 a 4500001000800000005001700008008004100025010001700066020003200083040001800115041000800133080001500141082001900156100000700175101000800182245017600190504004100366740004600407906004500453942001200498999001700510952011400527425901120180208092449.0840413s1984 enka b 101 0 eng  a 84007773  a0198536011 :c$49.95 (U.S.) aDLCcDLCdDLC aeng a001.64 PAD00a001.64 PAD219 a28 aSHK00aSupercomputers and parallel computation :corganized by the Institute of Mathematics and Its Applications, and held in Bristol, 2-3 September 1982 ; edited by D.J. Paddon. aIncludes bibliographies and indexes.0 aSuper-computers and parallel computation. a7bcbccorignewd1eocipf19gy-gencatlg 2ddccBK c42180d42180 00102udc40708PËKGa002b002cPËKGd2018-02-08l0o001.64 PADp002-2998889r2018-02-08w2018-02-08yBK